000 00616nam a2200205Ia 4500
003 GCL
008 140319s9999 xx 000 0 ara d
040 _aGCL /
_cGCL
082 0 4 _aق
_b922.3
_bا م
245 1 0 _aالمحدثون فى مصر والازهر ودورهم فى احياء السنة النبويةالشريفة
300 _a406
490 _aكتاب
_v0
650 0 4 _aالاسلام
650 0 4 _aالسيرة النبوية
650 0 4 _aالحديث
650 0 4 _aالفقه الاسلامى
650 0 4 _aالسنة النبوية
650 0 4 _aالحديث، علوم
942 _2ddc
_cBK
999 _c43022
_d43022